000
00301nam a22001337a 4500
008
170926b xxu||||| |||| 00| 0 eng d
020
_a
9780743265294
041
_a
eng
080
_a
37
100
_a
46
101
_a
EDU
245
_a
LSAT 180 ADVANCED STUDENTS
_c
GOODMAN.E
942
_2
udc
_c
BK
999
_c
29956
_d
29956